Egyetemi oktatásunk válsága

Elmentve itt :
Bibliográfiai részletek
Szerző: Straub F. Brunó
Dokumentumtípus: Cikk
Megjelent: 1946-09-01
Sorozat:Délmagyarország : a Magyar Kommunista Párt délmagyarországi napilapja 3 No. 194
Online Access:http://misc.bibl.u-szeged.hu/71897
LEADER 00656nab a2200181 i 4500
001 misc71897
005 20231201101103.0
008 231201s1946 hu o 000 hun d
022 |a 0133-025X 
040 |a SZTE Miscellanea Repozitórium  |b hun 
041 |a hun 
100 1 |a Straub F. Brunó 
245 1 0 |a Egyetemi oktatásunk válsága  |h [elektronikus dokumentum] /  |c  Straub F. Brunó 
260 |c 1946-09-01 
300 |a 3 
490 0 |a Délmagyarország : a Magyar Kommunista Párt délmagyarországi napilapja  |v 3 No. 194 
561 |a Szent-Györgyi Albertről szóló irodalom 
856 4 0 |u http://misc.bibl.u-szeged.hu/71897/1/szgya_1946_005.pdf  |z Dokumentum-elérés